000 00772nam a22002297a 4500
001 2433863
003 OSt
005 20230608101835.0
007 heubmb---baca
008 870923r19841952flu b 000 0 eng
010 _a 87890381
040 _aDLC
_cDLC
_dDLC
082 _a572.9
_bFIE
100 1 _aField, Henry,
_d1902-
245 1 0 _aContributions to the anthropology of the Faiyum, Sinai, Sudan, Kenya
_h[microform] /
_cby Henry Field.
260 _aBerkeley :
_bUniversity of California Press,
_c1952.
300 _a352 leaves ;
_c23 cm.
500 _aTypescript.
533 _aMicrofiche.
_bCoral Gables, Fla. :
_cR & R Microfilm Services,
_d1984?
_e6 microfiches : negative ; 11 x 15 cm.
906 _a7
_bcbc
_corignew
_du
_encip
_f19
_gy-genmicro
942 _2ddc
_cBK
999 _c839
_d839